[Event "10th A Margaryan Memorial 2020"]
[Site "Yerevan"]
[Date "2020.01.18"]
[Round "9.3"]
[White "Pogosyan, Stefan"]
[Black "Davtyan, Artur"]
[Result "1/2-1/2"]
[WhiteElo "2477"]
[BlackElo "2437"]
[Annotator "TA"]
[PlyCount "55"]
[EventDate "2020.01.09"]
[EventType "tourn"]
[EventCountry "ARM"]
[SourceTitle "playchess.com"]
[Source "ChessBase"]
[SourceQuality "1"]

{[%evp 27,55,9,4,5,25,13,13,13,13,13,13,18,10,13,14,10,12,19,18,13,13,8,10,0,0,0,0,0,0,0]} 1. c4 e6 2. Nc3 d5 3. d4 Be7 4. Nf3 Nf6 5. Bg5 h6 6. Bh4 O-O 7. e3 b6 {[%cal Bb7b6,Bb6c5][%mdl 32]} 8. Be2 Bb7 9. Bxf6 Bxf6 10. cxd5 exd5 11. b4 c5 12. bxc5 bxc5 13. Rb1 Bc6 14. O-O Nd7 {[%cal Bb8d7,Bd7c5,Bc5e6][%mdl 32]} 15. Bb5 {D58: Queen's Gambit Declined: Tartakower Defence} Qc8 (15... Qc7 16. Qd2 Rab8 17. Bxc6 Qxc6 18. dxc5 Bxc3 19. Qxc3 Qxc5 20. Qxc5 Nxc5 21. h3 Ne4 22. Rfc1 Rfc8 23. Rxc8+ Rxc8 {½-½ (48) Tomashevsky,E (2718)-Saric,I (2564) Mali Losinj 2019}) 16. Qd3 cxd4 $146 {The position is equal.} ({Predecessor:} 16... Rd8 17. Bxc6 Qxc6 18. Rfc1 Rac8 19. Qb5 cxd4 20. exd4 Nb6 21. Qxc6 Rxc6 22. Nb5 Nc4 23. Nxa7 {½-½ (23) Husemann,A (2067)-Milde,L (1914) LSS email 2012}) 17. Nxd4 Nc5 18. Qd2 Bxd4 19. Qxd4 Ne6 20. Qd2 Rd8 21. Rfc1 Bxb5 22. Nxb5 Qd7 23. Nd4 Rac8 24. Nxe6 fxe6 25. Qd4 Rxc1+ 26. Rxc1 Rc8 27. Rxc8+ Qxc8 28. g3 1/2-1/2

[Event "10th A Margaryan Memorial 2020"]
[Site "Yerevan"]
[Date "2020.01.18"]
[Round "9.4"]
[White "Hayrapetyan, Hovik"]
[Black "Shahinyan, David"]
[Result "0-1"]
[WhiteElo "2458"]
[BlackElo "2444"]
[Annotator "TA"]
[PlyCount "86"]
[EventDate "2020.01.09"]
[EventType "tourn"]
[EventCountry "ARM"]
[SourceTitle "playchess.com"]
[Source "ChessBase"]
[SourceQuality "1"]

{[%evp 11,86,-3,-11,-4,-13,-38,-40,-47,-33,-37,-39,-36,-30,-33,-13,-25,-25,-27,16,15,26,0,14,0,15,0,0,0,20,14,46,6,22,33,29,23,12,8,42,9,41,10,16,15,35,0,0,12,12,33,16,0,0,0,0,-26,-27,-88,-95,-279,-275,-279,-279,-279,-275,-331,-319,-511,-511,-497,-496,-487,-465,-518,-450,-29997,-100]} 1. c4 d6 2. d4 e5 3. dxe5 dxe5 4. Qxd8+ Kxd8 5. Nc3 Be6 6. b3 Nd7 7. g3 {A41: 1 d4 d6: Tartakower System and Modern Defence} (7. Bb2 c6 8. e3 f6 9. Bd3 Nh6 10. h3 Kc7 11. O-O-O Nc5 12. Bc2 a5 13. Nge2 a4 14. g4 axb3 15. axb3 {½-½ (56) Lei,T (2480)-Cheparinov,I (2698) Ho Chi Minh City 2017}) 7... c6 8. f4 Ngf6 $146 ({Predecessor:} 8... Bb4 9. Bd2 Ngf6 10. Nf3 exf4 11. gxf4 Re8 12. Ng5 Nc5 13. Nxe6+ Rxe6 14. O-O-O Ke8 {1-0 (65) Filipovic,M (2241)-Biti,O (2261) Pula 1999}) 9. Nf3 {Black is slightly better.} exf4 10. Bxf4 Bb4 11. Bd2 $1 Bf5 12. Nh4 Bg4 13. h3 Be6 14. g4 Bd6 15. O-O-O Kc7 16. Nf3 Rhe8 17. Nd4 Be5 18. Nf3 Bd6 19. Nd4 a6 (19... Be5 $5 {[%cal Re5d4]} 20. Be3 Nf8 $11) 20. Bg2 h6 (20... Be5 $5 {[%cal Re5d4]} 21. Nf3 Bxc3 22. Bxc3 Ne4 23. Ba5+ (23. Bxg7 Nf2 $11 {[%mdl 64] Double Attack}) 23... b6 $11) 21. Kb1 (21. Na4 {with more complications.} Rac8 22. Rhf1 Kb8 23. Kc2 Be5 24. e3) 21... Rad8 22. Na4 {[#] Threatens to win with Nxc6!} Kc8 23. Bc3 Bc7 24. Rhf1 Kb8 25. Rd2 Nf8 26. Rfd1 Bc8 27. Nc5 {And now Nxa6+! would win.} Ka8 28. Nxc6 bxc6 29. Bxc6+ Kb8 {...Rxd2 is the strong threat.} 30. Bxe8 Rxe8 31. b4 Re3 32. Rd3 Rxe2 33. b5 axb5 {aiming for ...Ne6.} 34. cxb5 (34. Bxf6 $1 $11 gxf6 35. cxb5) 34... Ne6 $17 35. Bxf6 $2 (35. Na6+ $17 Bxa6 36. bxa6) 35... Nxc5 $19 ({Not} 35... gxf6 36. Nd7+ Kb7 37. Rf3 $15) 36. Rd5 gxf6 37. Rxc5 {Hoping for Rdc1.} Bb7 38. Rd7 Be4+ 39. Kc1 $2 (39. Ka1 Be5+ 40. Rxe5 fxe5 41. Rxf7) 39... Bf4+ 40. Kd1 Bf3 (40... Rxa2 $2 41. Rc3 $19) 41. Rd8+ Kb7 42. Rd7+ {[#]} Kb6 $1 {( -> ...Rh2+)} 43. Rf5 (43. Rc3 $19 Rd2+ 44. Ke1 Rxd7 45. Rxf3) 43... Rh2+ {[%mdl 64] Discovered Attack. Accuracy: White = 36%, Black = 70%.} 0-1

[Event "10th A Margaryan Memorial 2020"]
[Site "Yerevan"]
[Date "2020.01.18"]
[Round "9.5"]
[White "Barseghyan, Armen Ar."]
[Black "Galperin, Platon"]
[Result "0-1"]
[WhiteElo "2408"]
[BlackElo "2460"]
[Annotator "TA"]
[PlyCount "60"]
[EventDate "2020.01.09"]
[EventType "tourn"]
[EventCountry "ARM"]
[SourceTitle "playchess.com"]
[Source "ChessBase"]
[SourceQuality "1"]

{[%evp 13,60,22,15,21,33,42,48,6,14,9,42,39,60,25,29,27,29,38,35,0,0,0,0,0,0,0,0,-34,-28,-77,-65,-108,-86,-555,-243,-425,-365,-562,-266,-535,-534,-615,-611,-1027,-1021,-1002,-999,-985,-953]} 1. d4 g6 2. Nf3 Bg7 3. g3 Nf6 4. Bg2 O-O 5. O-O d6 6. Nc3 Nc6 7. d5 Na5 8. Rb1 {A49: 1 d4 Nf6 2 Nf3 g6 3 g3: Anti-King's Indian systems} (8. h3 c6 9. e4 Bd7 10. Qe2 cxd5 11. exd5 Rc8 12. Rd1 Re8 13. Nd4 Qb6 14. a4 a6 15. Ra2 h5 {1-0 (48) Bauer,C (2562)-Ivanchuk,V (2719) Neum 2000}) 8... c5 9. b3 $146 ({Predecessor:} 9. a3 Bd7 10. e4 Bg4 11. Qe2 Nd7 12. h3 Bxf3 13. Bxf3 a6 14. Nd1 b5 15. Bg2 c4 {½-½ (62) Belikov,V (2564)-Tukhaev,A (2466) Alushta 2007}) 9... a6 10. a4 {White is slightly better.} Rb8 11. e4 Nd7 12. Bb2 b5 13. Qe2 Ne5 14. Nxe5 Bxe5 15. axb5 axb5 16. Nxb5 Bxb2 17. Rxb2 {Strongly threatening Ra1.} Ba6 18. c4 {Hoping for Ra1.} Bxb5 19. cxb5 {Black must now prevent Ra1.} Qb6 20. Ra1 {[#] Qe1 is the strong threat.} Qxb5 21. Qc2 Nxb3 22. Ra7 c4 {Threatens to win with ...Qc5.} 23. Rxe7 $2 {[%mdl 8192]} (23. Qc3 $17) 23... Qa5 (23... Qc5 $142 24. Qc3 Nd4) 24. Qd1 $2 (24. Bf1 {only move.} Nd4 25. Ra2) 24... c3 $19 25. Rc2 {[#]} (25. Rxb3 $142 Qa4 26. Rxf7 (26. Rb1 $2 c2 $19) 26... Rxb3 27. Rxf8+ Kxf8 28. e5 dxe5 29. Be4) 25... Qc5 (25... Nd4 $142 $1 {[%mdl 512]} 26. Rc1 (26. Qxd4 $2 Rb1+ 27. Bf1 Qa6 $19) 26... Qc5) 26. Qd3 $2 (26. Bf1 {is the only way for White.}) 26... Nd4 {Black is clearly winning.} 27. Rc1 Rb2 {And now ...Ne2+ would win.} 28. Kh1 Ne2 29. Rf1 c2 30. Qxe2 Rb1 {Accuracy: White = 25%, Black = 56%.} 0-1